000 00645cam a2200229 4500
008 090401t1989 xxu||||| |||| 00| 0 eng d
020 _a0906182484
035 _a(Sirsi) u87285
041 _aeng
050 _a692.5
110 _aBuilding Maintenance Information Ltd
_92307
245 _aBMI building maintenance price book 1990.
250 _a10th ed.
260 _aKingston upon Thames
_bBuilding Maintenance Information Ltd.
_c1989
300 _a343p. ; 21cm.
350 _a0
650 _aMAINTENANCE COSTS
650 _aBUILDING PRICE BOOKS
690 _aBUILT ENVIRONMENT-BUILDING COSTS
942 _n0
948 _c08/07/1998
999 _c97209
_d97209